Who is this Jesus? / (Record no. 951)
[ view plain ]
| 000 -LEADER | |
|---|---|
| fixed length control field | 01228cam a2200313 a 4500 |
| 001 - CONTROL NUMBER | |
| control field | 25009558 |
| 003 - CONTROL NUMBER IDENTIFIER | |
| control field | OCoLC |
| 005 - DATE AND TIME OF LATEST TRANSACTION | |
| control field | 20180830160552.0 |
| 008 - FIXED-LENGTH DATA ELEMENTS--GENERAL INFORMATION | |
| fixed length control field | 911205r19921991tnu 000 0 eng |
| 010 ## - LIBRARY OF CONGRESS CONTROL NUMBER | |
| LC control number | 91045871 |
| 020 ## - INTERNATIONAL STANDARD BOOK NUMBER | |
| International Standard Book Number | 0840791585 (hard) |
| 020 ## - INTERNATIONAL STANDARD BOOK NUMBER | |
| International Standard Book Number | 9780840791580 (hard) |
| 020 ## - INTERNATIONAL STANDARD BOOK NUMBER | |
| International Standard Book Number | 0913367281 (pbk) |
| 020 ## - INTERNATIONAL STANDARD BOOK NUMBER | |
| International Standard Book Number | 9780913367285 (pbk) |
| 020 ## - INTERNATIONAL STANDARD BOOK NUMBER | |
| International Standard Book Number | 0340546107 |
| 035 ## - SYSTEM CONTROL NUMBER | |
| System control number | (OCoLC)25009558 |
| Canceled/invalid control number | (OCoLC)32255403 |
| 040 ## - CATALOGING SOURCE | |
| Original cataloging agency | DLC |
| Language of cataloging | eng |
| Transcribing agency | DLC |
| Modifying agency | XKK |
| -- | BTCTA |
| -- | BAKER |
| -- | YDXCP |
| -- | OCLCG |
| -- | HNW |
| -- | BDX |
| 050 00 - LIBRARY OF CONGRESS CALL NUMBER | |
| Classification number | BT202 |
| Item number | .G689 1992 |
| 082 00 - DEWEY DECIMAL CLASSIFICATION NUMBER | |
| Classification number | 232 |
| Edition number | 20 |
| Item number | G795W |
| 092 ## - LOCALLY ASSIGNED DEWEY CALL NUMBER (OCLC) | |
| Classification number | 232 |
| Item number | G7973 |
| 100 1# - MAIN ENTRY--PERSONAL NAME | |
| Personal name | Green, Michael, |
| Dates associated with a name | 1930- |
| 245 10 - TITLE STATEMENT | |
| Title | Who is this Jesus? / |
| Statement of responsibility, etc. | Michael Green. |
| 260 ## - PUBLICATION, DISTRIBUTION, ETC. | |
| Place of publication, distribution, etc. | Nashville : |
| Name of publisher, distributor, etc. | O. Nelson, |
| Date of publication, distribution, etc. | c1992. |
| 300 ## - PHYSICAL DESCRIPTION | |
| Extent | 133 p. ; |
| Dimensions | 17cm. |
| 500 ## - GENERAL NOTE | |
| General note | Originally published: Sevenoaks, Kent, England : Hodder and Stoughton, 1991. |
| 505 0# - FORMATTED CONTENTS NOTE | |
| Formatted contents note | Who is this Jesus? -- What was he like? -- Where did it all start? -- What did he teach? -- What did he do? -- What did he claim? -- Why did he die? -- Was death the end? -- Can we meet him? -- What about the church? Jesus : what is the secular evidence? -- Jesus : can we trust the Gospels? |
| 600 00 - SUBJECT ADDED ENTRY--PERSONAL NAME | |
| Personal name | Jesus Christ |
| General subdivision | Person and offices. |
| 942 ## - ADDED ENTRY ELEMENTS (KOHA) | |
| Source of classification or shelving scheme | Dewey Decimal Classification |
| Koha item type | Books |
| Withdrawn status | Lost status | Source of classification or shelving scheme | Damaged status | Not for loan | Collection code | Home library | Current library | Shelving location | Date acquired | Full call number | Barcode | Date last seen | Price effective from | Koha item type |
|---|---|---|---|---|---|---|---|---|---|---|---|---|---|---|
| Dewey Decimal Classification | Non-fiction | Harvest Mission College | Harvest Mission College | General Stacks | 29.11.2022 | 232 G795W | 012842 | 29.11.2022 | 29.11.2022 | Books |
